[Event "Campeonato Paulista Absoluto 2005"]
[Site "Americana BRA"]
[Date "2005.07.03"]
[Round "6"]
[White "De Toledo, James Mann"]
[Black "De Lima, Diniz Neves"]
[Result "1-0"]
[WhiteElo "2373"]
[BlackElo "2090"]
[PlyCount "63"]
[EventDate "2005.06.30"]
[EventType "swiss"]
[EventRounds "7"]
[EventCountry "BRA"]
[Source "lmi"]
[SourceDate "2005.07.04"]

1. c4 Nf6 2. Nc3 d5 3. cxd5 Nxd5 4. d4 Nxc3 5. bxc3 e5 6. Nf3 exd4 7. cxd4 c5
8. d5 b5 9. e4 c4 10. Rb1 Qa5+ 11. Qd2 c3 12. Bxb5+ Qxb5 13. Qxc3 Qc5 14. Qe5+
Be7 15. O-O Nd7 16. Qxg7 Bf6 17. Qg3 Qf8 18. e5 Rg8 19. Qf4 Qg7 20. g3 Bd8 21.
e6 fxe6 22. dxe6 Nb6 23. Bb2 Qe7 24. Nd4 Rf8 25. Qe5 Rf6 26. Qb5+ Kf8 27. Nc6
Qe8 28. Ba3+ Kg8 29. Nxd8 Qxb5 30. Rxb5 Ba6 31. Rg5+ Rg6 32. e7 1-0

[Event "Campeonato Paulista Absoluto 2005"]
[Site "Americana BRA"]
[Date "2005.07.03"]
[Round "6"]
[White "Mekhitarian, Krikor Sevag"]
[Black "Leitao, Rafael"]
[Result "0-1"]
[WhiteElo "2218"]
[BlackElo "2598"]
[PlyCount "62"]
[EventDate "2005.06.30"]
[EventType "swiss"]
[EventRounds "7"]
[EventCountry "BRA"]
[Source "lmi"]
[SourceDate "2005.07.04"]

1. e4 c5 2. Nf3 e6 3. Nc3 a6 4. d4 cxd4 5. Nxd4 Nc6 6. Be2 d6 7. Be3 Nf6 8. O-O
Be7 9. a4 O-O 10. f4 Qc7 11. Kh1 Re8 12. a5 Nxa5 13. e5 dxe5 14. fxe5 Qxe5 15.
Bf4 Qc5 16. Na4 Qa7 17. Bc7 b5 18. Nb6 Qxc7 19. Nxa8 Qc5 20. Rxa5 Rd8 21. Nb3
Qe5 22. Qe1 Bd6 23. g3 Bb7+ 24. Kg1 Qe4 25. Bf3 Qxe1 26. Rxe1 Bxf3 27. Rxa6
Bxa8 28. c3 Bd5 29. Nd4 e5 30. Rxd6 Rxd6 31. Rxe5 Ra6 0-1

[Event "Campeonato Paulista Absoluto 2005"]
[Site "Americana BRA"]
[Date "2005.07.03"]
[Round "6"]
[White "Molina, Roberto Junio Brito"]
[Black "De Paiva, Pedro Henrique"]
[Result "1/2-1/2"]
[WhiteElo "2237"]
[BlackElo "2118"]
[PlyCount "70"]
[EventDate "2005.06.30"]
[EventType "swiss"]
[EventRounds "7"]
[EventCountry "BRA"]
[Source "lmi"]
[SourceDate "2005.07.04"]

1. d4 Nf6 2. Nf3 g6 3. e3 Bg7 4. Be2 O-O 5. O-O d5 6. c4 b6 7. cxd5 Nxd5 8. Nc3
Bb7 9. Nxd5 Bxd5 10. Bd2 Nd7 11. Bc3 e6 12. Qc2 c5 13. dxc5 Bxc3 14. Qxc3 Nxc5
15. Rfd1 Rc8 16. Qa3 Rc7 17. Bc4 Rd7 18. Bxd5 Rxd5 19. Rxd5 Qxd5 20. Qxa7 Ra8
21. Qxb6 Rxa2 22. Re1 Nd3 23. e4 Qa8 24. Rd1 Ra1 25. Qb3 Nxb2 26. Rf1 Rxf1+ 27.
Kxf1 Qa6+ 28. Ke1 Nd3+ 29. Kd2 Nxf2 30. Qb8+ Kg7 31. Qe5+ Kf8 32. Qc5+ Kg8 33.
Qxf2 Qa5+ 34. Kd1 Qa1+ 35. Ke2 Qa6+ 1/2-1/2

[Event "Campeonato Paulista Absoluto 2005"]
[Site "Americana BRA"]
[Date "2005.07.03"]
[Round "6"]
[White "De Paiva, Pedro Henrique"]
[Black "Loureiro, Luiz de Vasconcelos"]
[Result "0-1"]
[WhiteElo "2118"]
[BlackElo "2329"]
[PlyCount "56"]
[EventDate "2005.06.30"]
[EventType "swiss"]
[EventRounds "7"]
[EventCountry "BRA"]
[Source "lmi"]
[SourceDate "2005.07.04"]

1. Nf3 d5 2. c4 c6 3. d4 Nf6 4. Qb3 dxc4 5. Qxc4 Bf5 6. Nc3 Nbd7 7. g3 e6 8.
Bg2 Be7 9. Nh4 Nb6 10. Qb3 Qxd4 11. Nxf5 exf5 12. O-O O-O 13. Be3 Qc4 14. Qc2
g6 15. b3 Qe6 16. a3 Rfd8 17. Bxb6 axb6 18. b4 b5 19. e3 Ng4 20. Ne2 Nxe3 21.
fxe3 Qxe3+ 22. Rf2 Rd2 23. Qc3 Rxe2 24. Qxe3 Rxe3 25. Rd1 Raxa3 26. Rd7 Bxb4
27. Rc2 Re7 28. Rcd2 Bc5+ 0-1